[Event "Dubai Police op-A"]
[Site "Dubai"]
[Date "2024.05.11"]
[Round "8"]
[White "Muthaiah, Al"]
[Black "Shyam, Nikil P"]
[Result "1/2-1/2"]
[WhiteElo "2494"]
[BlackElo "2424"]
[PlyCount "61"]
[EventDate "2024.05.04"]
[EventType "swiss"]
[EventRounds "9"]
[EventCountry "UAE"]
[SourceTitle "CB20_2024"]
[SourceDate "2024.05.16"]
[SourceVersion "1"]
[SourceVersionDate "2024.05.16"]
[SourceQuality "1"]

1. d4 Nf6 2. Bf4 c5 3. d5 d6 4. Nc3 e5 5. Bc1 Bf5 6. Nf3 e4 7. Nh4 Bd7 8. g3 h6 9. a4 Na6 10. Ng2 Bh3 11. Ne3 Qd7 12. f3 exf3 13. exf3 Bxf1 14. Kxf1 Qh3+ 15. Kf2 Be7 16. Qf1 Qxf1+ 17. Rxf1 Kd7 18. Nb5 Rhe8 19. Re1 Bf8 20. Bd2 Nb4 21. Bxb4 cxb4 22. Nc4 Rec8 23. b3 Rc5 24. Rad1 Rxd5 25. Rxd5 Nxd5 26. Rd1 Nc3 27. Nxc3 bxc3 28. Rd3 Rc8 29. Rxc3 Be7 30. Rd3 Ke6 31. Re3+ 1/2-1/2

[Event "Lyon ECAM GM"]
[Site "Lyon"]
[Date "2024.04.27"]
[Round "8"]
[White "Boyer, Mahel"]
[Black "Shyam, Nikil P"]
[Result "1/2-1/2"]
[WhiteElo "2432"]
[BlackElo "2390"]
[PlyCount "47"]
[EventDate "2024.04.22"]
[EventType "tourn"]
[EventRounds "9"]
[EventCountry "FRA"]
[EventCategory "8"]
[SourceTitle "CB20_2024"]
[SourceDate "2024.05.16"]
[SourceVersion "1"]
[SourceVersionDate "2024.05.16"]
[SourceQuality "1"]

1. d4 Nf6 2. c4 e6 3. Nf3 Bb4+ 4. Nbd2 0-0 5. a3 Bxd2+ 6. Qxd2 d6 7. e3 b6 8. Be2 Bb7 9. 0-0 a5 10. b3 Nbd7 11. Bb2 Ne4 12. Qc2 f5 13. d5 e5 14. b4 Rf6 15. Bd3 Rh6 16. Bxe4 fxe4 17. Qxe4 Nf6 18. Qc2 Qe8 19. h3 Qh5 20. Nh2 Rg6 21. f4 Qxh3 22. Rf3 Qh5 23. fxe5 dxe5 24. Qf5 1/2-1/2

[Event "Lyon ECAM GM"]
[Site "Lyon"]
[Date "2024.04.24"]
[Round "4"]
[White "Shyam, Nikil P"]
[Black "Pourramezanali, Amirreza"]
[Result "0-1"]
[WhiteElo "2390"]
[BlackElo "2502"]
[PlyCount "94"]
[EventDate "2024.04.22"]
[EventType "tourn"]
[EventRounds "9"]
[EventCountry "FRA"]
[EventCategory "8"]
[SourceTitle "CB20_2024"]
[SourceDate "2024.05.16"]
[SourceVersion "1"]
[SourceVersionDate "2024.05.16"]
[SourceQuality "1"]

1. e4 c6 2. d4 d5 3. Nd2 dxe4 4. Nxe4 Nd7 5. Nf3 Ngf6 6. Ned2 g6 7. g3 Bg7 8. Bg2 0-0 9. 0-0 Nb6 10. Re1 Re8 11. h3 a5 12. a4 h6 13. c4 Nh7 14. c5 Nd5 15. Nc4 Nf8 16. Bd2 Be6 17. Nfe5 Kh7 18. Ra3 f6 19. Nxg6 Kxg6 20. Rxe6 Nxe6 21. Be4+ Kf7 22. Qh5+ Kg8 23. Qg4 f5 24. Bxf5 Nxd4 25. Be6+ Kh8 26. Bxh6 Nxe6 27. Qxe6 Nf6 28. Bxg7+ Kxg7 29. Ne5 Qd1+ 30. Kh2 Qd5 31. Qf5 Rh8 32. g4 Rh7 33. Rd3 Qe4 34. Qg5+ Kf8 35. Re3 Rg7 36. Qh6 Qh7 37. Qf4 Kg8 38. Qd4 Nd5 39. Re4 Rf8 40. f4 Qh4 41. Nf3 Qf6 42. f5 Qxd4 43. Nxd4 Nf6 44. Rf4 Rd8 45. Kg2 Rd5 46. Kf3 Nd7 47. h4 Ne5+ 0-1

[Event "Ponte de Lima op"]
[Site "Ponte de Lima"]
[Date "2024.04.16"]
[Round "9"]
[White "Petrov, Nikita"]
[Black "Shyam, Nikil P"]
[Result "1-0"]
[WhiteElo "2562"]
[BlackElo "2390"]
[PlyCount "87"]
[EventDate "2024.04.09"]
[EventType "swiss"]
[EventRounds "9"]
[EventCountry "POR"]
[SourceTitle "CB17_2024"]
[SourceDate "2024.04.24"]
[SourceVersion "1"]
[SourceVersionDate "2024.04.24"]
[SourceQuality "1"]

1. d4 Nf6 2. c4 e6 3. Nf3 Bb4+ 4. Bd2 c5 5. Bxb4 cxb4 6. g3 0-0 7. Bg2 Qc7 8. Nbd2 a5 9. 0-0 d6 10. Re1 Na6 11. Qc2 h6 12. Rac1 Bd7 13. e4 Rfc8 14. e5 dxe5 15. Nxe5 Bc6 16. Nxc6 bxc6 17. Qa4 Nb8 18. Nb3 Nfd7 19. Nd2 Rd8 20. d5 Nc5 21. Qc2 Nba6 22. Nb3 a4 23. Nxc5 Nxc5 24. Rcd1 cxd5 25. cxd5 exd5 26. Bxd5 Rab8 27. Qf5 Nb7 28. Rc1 Qd7 29. Qxd7 Rxd7 30. Bc6 Rd2 31. Bxa4 Rxb2 32. Rc7 Rxa2 33. Bb3 Ra5 34. Bxf7+ Kh8 35. Bg6 Nd6 36. Re6 Nb5 37. Rce7 Raa8 38. Be4 Nd4 39. Rd6 Ra1+ 40. Kg2 Ne2 41. Rde6 Rg1+ 42. Kh3 Rf8 43. Re8 Kg8 44. Rxf8+ 1-0

[Event "Ponte de Lima op"]
[Site "Ponte de Lima"]
[Date "2024.04.13"]
[Round "7"]
[White "Larkin, Vladislav"]
[Black "Shyam, Nikil P"]
[Result "1-0"]
[WhiteElo "2446"]
[BlackElo "2390"]
[PlyCount "112"]
[EventDate "2024.04.09"]
[EventType "swiss"]
[EventRounds "9"]
[EventCountry "POR"]
[SourceTitle "CB17_2024"]
[SourceDate "2024.04.24"]
[SourceVersion "1"]
[SourceVersionDate "2024.04.24"]
[SourceQuality "1"]

1. d4 Nf6 2. Bf4 b6 3. e3 Bb7 4. Nd2 g6 5. h3 Bg7 6. Ngf3 0-0 7. a4 a5 8. c3 d6 9. Bb5 Nfd7 10. Bg5 f6 11. Bh4 e5 12. e4 c6 13. Bc4+ Kh8 14. 0-0 Na6 15. Re1 Nc7 16. Ba2 b5 17. Bg3 Nb6 18. axb5 cxb5 19. Nh4 Bc8 20. Nf1 Be6 21. Bxe6 Nxe6 22. Qg4 Qc8 23. Ne3 Ng5 24. Nd5 Nxd5 25. exd5 Bh6 26. Qe2 Qb7 27. Rad1 Nf7 28. Nf3 Rfe8 29. dxe5 dxe5 30. h4 Nd6 31. Qc2 Rad8 32. b3 Qc7 33. h5 gxh5 34. Bh4 Bg7 35. Re3 Rc8 36. Nd2 f5 37. Rh3 Qf7 38. c4 Qxd5 39. Nf3 Qc6 40. Ng5 Kg8 41. Rhd3 Ne4 42. Rd7 Nxg5 43. Bxg5 Qg6 44. Bd8 f4 45. Qxg6 hxg6 46. cxb5 e4 47. b6 Be5 48. b7 Rc3 49. b4 axb4 50. R1d5 Bb8 51. Bf6 Rd3 52. Bd4 e3 53. Rg7+ Kf8 54. Rdd7 Rd1+ 55. Kh2 f3+ 56. g3 Re5 1-0

[Event "IND-chT 43rd"]
[Site "Dharamshala"]
[Date "2024.04.04"]
[Round "9.1"]
[White "Shyam, Nikil P"]
[Black "Tiwari, Shivansh"]
[Result "1/2-1/2"]
[WhiteElo "2405"]
[BlackElo "1973"]
[PlyCount "55"]
[EventDate "2024.03.29"]
[EventType "team-swiss"]
[EventRounds "9"]
[EventCountry "IND"]
[SourceTitle "CB15_2024"]
[SourceDate "2024.04.10"]
[SourceVersion "1"]
[SourceVersionDate "2024.04.10"]
[SourceQuality "1"]
[WhiteTeam "Railway Sport PB II"]
[BlackTeam "Madhya Pradesh"]
[WhiteTeamCountry "IND"]
[BlackTeamCountry "IND"]

1. e4 c6 2. d4 d5 3. Nc3 g6 4. Nf3 Bg7 5. h3 Nf6 6. e5 Ne4 7. Bd3 Nxc3 8. bxc3 c5 9. 0-0 c4 10. Be2 0-0 11. Bf4 Nc6 12. Qd2 Qa5 13. Bh6 f6 14. Bxg7 Kxg7 15. Rfe1 f5 16. a3 a6 17. Nh2 Na7 18. Reb1 Rb8 19. f4 Bd7 20. Nf1 e6 21. h4 h5 22. Ne3 Nb5 23. Nd1 Na7 24. Ne3 Nb5 25. Nd1 Na7 26. Ne3 Nb5 27. Nd1 Na7 28. Ne3 1/2-1/2

[Event "IND-chT 43rd"]
[Site "Dharamshala"]
[Date "2024.04.03"]
[Round "8.1"]
[White "Sharnarthi, Viresh"]
[Black "Shyam, Nikil P"]
[Result "0-1"]
[WhiteElo "2036"]
[BlackElo "2405"]
[PlyCount "118"]
[EventDate "2024.03.29"]
[EventType "team-swiss"]
[EventRounds "9"]
[EventCountry "IND"]
[SourceTitle "CB15_2024"]
[SourceDate "2024.04.10"]
[SourceVersion "1"]
[SourceVersionDate "2024.04.10"]
[SourceQuality "1"]
[WhiteTeam "Maharashtra"]
[BlackTeam "Railway Sport PB II"]
[WhiteTeamCountry "IND"]
[BlackTeamCountry "IND"]

1. d4 Nf6 2. Nf3 b6 3. g3 Bb7 4. Bg2 c5 5. dxc5 bxc5 6. c4 g6 7. 0-0 Bg7 8. Nc3 0-0 9. Bf4 d6 10. Qd2 Nbd7 11. Bh6 Rb8 12. Rad1 Bxf3 13. Bxf3 Bxh6 14. Qxh6 Rxb2 15. h4 Qa5 16. Rc1 Rfb8 17. h5 Qd8 18. hxg6 hxg6 19. Kg2 Qf8 20. Qf4 Qg7 21. Rh1 Ne5 22. Qg5 Kf8 23. Rh4 Ng8 24. Bd5 Nd7 25. Ne4 Ndf6 26. Qe3 Nxe4 27. Bxe4 Qe5 28. Qf3 Nf6 29. Rch1 Ke8 30. Rh8+ Kd7 31. Bc6+ Kc7 32. Ba8 d5 33. cxd5 Kd6 34. Rxb8 Rxb8 35. Bc6 Qe4 36. Qxe4 Nxe4 37. Rh7 Ng5 38. Rg7 Ke5 39. f4+ Kf6 40. fxg5+ Kxg7 41. a4 c4 42. Kf2 Rb3 43. e4 f6 44. g4 Rd3 45. Ke2 Rd4 46. Ke3 c3 47. Kxd4 c2 48. gxf6+ Kxf6 49. e5+ Kf7 50. d6 exd6 51. exd6 c1Q 52. d7 Ke7 53. Bb5 Qd1+ 54. Kc5 Qxg4 55. Bc6 Qf5+ 56. Kb4 Qf4+ 57. Kb5 Qc7 58. Kc5 g5 59. Kd5 Qd6+ 0-1

[Event "Tamil Nadu IM 20th"]
[Site "Coimbatore"]
[Date "2024.02.29"]
[Round "5"]
[White "Shyam, Nikil P"]
[Black "Arjun, C Krishnamachari"]
[Result "1/2-1/2"]
[WhiteElo "2412"]
[BlackElo "2229"]
[PlyCount "92"]
[EventDate "2024.02.27"]
[EventType "tourn"]
[EventRounds "9"]
[EventCountry "IND"]
[SourceTitle "CB10_2024"]
[SourceDate "2024.03.06"]
[SourceVersion "1"]
[SourceVersionDate "2024.03.06"]
[SourceQuality "1"]

1. e4 c6 2. d4 d5 3. Nd2 dxe4 4. Nxe4 Nf6 5. Nxf6+ exf6 6. Bc4 Bd6 7. Qe2+ Qe7 8. c3 Bg4 9. Qxe7+ Kxe7 10. Be3 Nd7 11. Bb3 Rhe8 12. Ne2 Bxe2 13. Kxe2 Kf8 14. Kd3 f5 15. f3 c5 16. Rae1 b5 17. dxc5 Nxc5+ 18. Kc2 Nxb3 19. Kxb3 a6 20. Bd4 f6 21. h3 Kf7 22. Bf2 Rxe1 23. Rxe1 Re8 24. Rxe8 Kxe8 25. c4 Kd7 26. cxb5 axb5 27. Be1 Kc6 28. Bb4 Be5 29. Kc2 Kd5 30. b3 Kd4 31. Kd2 Bf4+ 32. Ke2 Bc7 33. Bf8 Kc3 34. Bxg7 Kb2 35. Bxf6+ Kxa2 36. b4 Bd6 37. g4 fxg4 38. fxg4 Bxb4 39. g5 Ba3 40. h4 b4 41. h5 b3 42. g6 hxg6 43. hxg6 b2 44. g7 b1Q 45. g8B+ Qb3 46. Bxb3+ Kxb3 1/2-1/2

[Event "Bangalore op 1st"]
[Site "Bangalore"]
[Date "2024.01.20"]
[Round "4"]
[White "Jaiveer, Mahendru"]
[Black "Shyam, Nikil P"]
[Result "0-1"]
[WhiteElo "2294"]
[BlackElo "2443"]
[PlyCount "168"]
[EventDate "2024.01.18"]
[EventType "swiss"]
[EventRounds "10"]
[EventCountry "IND"]
[SourceTitle "CB05_2024"]
[SourceDate "2024.01.31"]
[SourceVersion "1"]
[SourceVersionDate "2024.01.31"]
[SourceQuality "1"]

1. e4 c5 2. Nf3 d6 3. d4 cxd4 4. Nxd4 Nf6 5. Nc3 a6 6. Be3 e5 7. Nb3 Be7 8. h3 Be6 9. Qf3 Nbd7 10. 0-0-0 Rc8 11. g4 h6 12. Nd5 Bxd5 13. exd5 Nb6 14. h4 Qc7 15. c3 Nc4 16. Bd3 g6 17. Bxh6 e4 18. Bxe4 Ne5 19. Qe2 Rxh6 20. g5 Qc4 21. Qxc4 Rxc4 22. Nd2 Rxe4 23. Nxe4 Nxe4 24. gxh6 Kf8 25. f4 Ng4 26. h5 g5 27. Rhg1 Nxh6 28. Rd4 Nf2 29. fxg5 Nf5 30. Rdg4 Nxg4 31. Rxg4 Ne3 32. Rg3 Nxd5 33. g6 Nf4 34. Rf3 Bg5 35. gxf7 d5 36. Kd2 Kxf7 37. Ke3 Ke6 38. Kd4 b6 39. a4 Bf6+ 40. Ke3 Nxh5 41. Rh3 Ng7 42. Kd3 Nf5 43. Rh7 Ne7 44. Kc2 Nc6 45. Rb7 Bd8 46. Rh7 a5 47. Rh8 Kd6 48. Rh6+ Kc5 49. Rh5 Bc7 50. Rh7 Be5 51. Rh5 Bg3 52. Rg5 Bf4 53. Rf5 Bd6 54. Rf6 Be5 55. Rh6 Bc7 56. Rh7 Kd6 57. Rh6+ Kd7 58. Kd3 Bf4 59. Rh7+ Kd6 60. Rh4 Ne5+ 61. Kc2 Bg5 62. Rh5 Bf6 63. Rh6 Nd7 64. Kb3 Ke5 65. Rh7 Ke6 66. Rh6 Nc5+ 67. Ka3 Ne4 68. Rh7 Be7+ 69. Ka2 Bg5 70. Rb7 Be3 71. Rb8 Kd7 72. Rh8 Nc5 73. Rh3 Bg5 74. Rh5 Ne4 75. Rh8 Kc6 76. Rc8+ Kd7 77. Rb8 Bd8 78. Ra8 Nd6 79. b4 Nc8 80. bxa5 bxa5 81. Rb8 Nb6 82. Rb7+ Bc7 83. Kb3 Kc6 84. Ra7 Nc8 0-1

[Event "Indore op 2nd"]
[Site "Indore"]
[Date "2024.01.15"]
[Round "9"]
[White "Shyam, Nikil P"]
[Black "Dzhumaev, Marat"]
[Result "1/2-1/2"]
[WhiteElo "2443"]
[BlackElo "2362"]
[PlyCount "62"]
[EventDate "2024.01.09"]
[EventType "swiss"]
[EventRounds "10"]
[EventCountry "IND"]
[SourceTitle "CB03_2024"]
[SourceDate "2024.01.17"]
[SourceVersion "1"]
[SourceVersionDate "2024.01.17"]
[SourceQuality "1"]

1. e4 g6 2. d4 Bg7 3. Nc3 d6 4. Be3 Nd7 5. Qd2 a6 6. a4 Ngf6 7. Nf3 0-0 8. h3 e5 9. dxe5 Nxe5 10. Be2 Re8 11. 0-0 Bd7 12. Bg5 Bc6 13. Nd4 h6 14. Nxc6 Nxc6 15. Bxh6 Nxe4 16. Nxe4 Bxh6 17. Qxh6 Rxe4 18. Bf3 Qh4 19. Qxh4 Rxh4 20. b3 Rb8 21. Rae1 Nd4 22. Bd1 Kf8 23. c3 Ne6 24. g3 Rxh3 25. Bg4 Rh6 26. Bxe6 fxe6 27. Rxe6 Re8 28. Rxe8+ Kxe8 29. Re1+ Kf7 30. f4 Rh5 31. Rd1 Ke6 1/2-1/2

[Event "Indore op 2nd"]
[Site "Indore"]
[Date "2024.01.11"]
[Round "4"]
[White "Teterev, Vitaly"]
[Black "Shyam, Nikil P"]
[Result "0-1"]
[WhiteElo "2288"]
[BlackElo "2443"]
[PlyCount "138"]
[EventDate "2024.01.09"]
[EventType "swiss"]
[EventRounds "10"]
[EventCountry "IND"]
[SourceTitle "CB03_2024"]
[SourceDate "2024.01.17"]
[SourceVersion "1"]
[SourceVersionDate "2024.01.17"]
[SourceQuality "1"]

1. e4 c5 2. Nf3 d6 3. Bb5+ Nd7 4. a4 Ngf6 5. Nc3 g6 6. 0-0 Bg7 7. a5 0-0 8. Re1 a6 9. Bc4 b5 10. axb6 Nxb6 11. Ba2 Bb7 12. d3 e6 13. Bf4 Nh5 14. Bg5 Qc7 15. Be3 d5 16. exd5 exd5 17. d4 c4 18. Qd2 Rfe8 19. Ne2 Nc8 20. Ng3 Nxg3 21. hxg3 Nd6 22. Bf4 Qb6 23. c3 Ne4 24. Qc1 Re6 25. Bb1 Rae8 26. Bxe4 Rxe4 27. Rxe4 dxe4 28. Ne5 Qe6 29. Qd1 g5 30. Be3 f6 31. Ng4 Qd5 32. Nh6+ Bxh6 33. Qh5 Re6 34. Qxh6 Rb6 35. Ra2 Bc8 36. Qh5 Bd7 37. Qd1 Kg7 38. Qa1 Bb5 39. Ra5 Rc6 40. Qa3 Kf7 41. Qb4 h5 42. Ra1 h4 43. Re1 hxg3 44. fxg3 Qd6 45. Qxd6 Rxd6 46. Ra1 Bd7 47. Ra5 Be6 48. Rc5 Bd5 49. Kf2 Ke6 50. Bc1 Rc6 51. Rxc6+ Bxc6 52. Be3 Bd5 53. Ke2 Kf5 54. Kf2 Kg4 55. Bd2 a5 56. Be1 f5 57. Ke2 f4 58. gxf4 gxf4 59. Kf2 a4 60. Kg1 e3 61. Kf1 Kg5 62. Kg1 Kf5 63. Kf1 Kg4 64. Kg1 f3 65. gxf3+ Kxf3 66. Bh4 e2 67. Bf2 Ke4 68. Be1 Ke3 69. Kh2 Kd3 0-1

[Event "Madurai Athens of the East op 3rd"]
[Site "Madurai"]
[Date "2023.12.30"]
[Round "10"]
[White "Shyam, Nikil P"]
[Black "Ziatdinov, Raset"]
[Result "1-0"]
[WhiteElo "2443"]
[BlackElo "2106"]
[PlyCount "113"]
[EventDate "2023.12.23"]
[EventType "swiss"]
[EventRounds "10"]
[EventCountry "IND"]
[SourceTitle "CB06_2024"]
[SourceDate "2024.02.07"]
[SourceVersion "1"]
[SourceVersionDate "2024.02.07"]
[SourceQuality "1"]

1. e4 e5 2. Nf3 Nc6 3. Bb5 a6 4. Ba4 Nf6 5. Nc3 Be7 6. 0-0 b5 7. Bb3 0-0 8. d3 Bb7 9. Bd2 h6 10. Nd5 Nxd5 11. exd5 Nd4 12. Nxd4 exd4 13. Qg4 Kh8 14. Rae1 Bf6 15. Qh5 Kg8 16. Re4 d6 17. f4 Re8 18. Rfe1 Qd7 19. Qh3 Red8 20. Qxd7 Rxd7 21. Re8+ Kh7 22. Rxa8 Bxa8 23. a4 c5 24. dxc6 Bxc6 25. axb5 Bxb5 26. Kf2 g6 27. Bd5 Kg7 28. Ba5 Kf8 29. Re4 Re7 30. Rxe7 Kxe7 31. Ke2 Ba4 32. c4 dxc3 33. bxc3 g5 34. g3 gxf4 35. gxf4 Bd7 36. Bb7 Bg4+ 37. Ke3 Kd7 38. c4 Bb2 39. Bxa6 Bc1+ 40. Bd2 Bxd2+ 41. Kxd2 d5 42. Ke3 dxc4 43. dxc4 f6 44. Kd4 Bf3 45. Kc5 Kc7 46. Bb5 Bg2 47. Be8 Bf3 48. Bf7 Bg2 49. Bd5 Bh3 50. Be4 Be6 51. Kd4 Bg4 52. c5 Bh3 53. f5 Bf1 54. Kd5 Kd7 55. c6+ Ke7 56. Kc5 Ba6 57. Bd5 1-0

[Event "Madurai Athens of the East op 3rd"]
[Site "Madurai"]
[Date "2023.12.29"]
[Round "9"]
[White "Selvamurugan, B."]
[Black "Shyam, Nikil P"]
[Result "0-1"]
[WhiteElo "1920"]
[BlackElo "2443"]
[PlyCount "156"]
[EventDate "2023.12.23"]
[EventType "swiss"]
[EventRounds "10"]
[EventCountry "IND"]
[SourceTitle "CB06_2024"]
[SourceDate "2024.02.07"]
[SourceVersion "1"]
[SourceVersionDate "2024.02.07"]
[SourceQuality "1"]

1. e4 c5 2. Nf3 e6 3. d4 cxd4 4. Nxd4 a6 5. Bd3 Bc5 6. Nb3 Be7 7. 0-0 d6 8. f4 Nd7 9. c4 Ngf6 10. Qe2 Qc7 11. Nc3 b6 12. Bd2 Bb7 13. Rae1 h5 14. a4 g6 15. a5 bxa5 16. Ra1 Rb8 17. Nxa5 Ba8 18. b4 0-0 19. Kh1 Rfe8 20. b5 Nc5 21. Bc2 Bf8 22. Nb3 axb5 23. Nxb5 Qc6 24. N3d4 Qd7 25. Ra7 Rb7 26. Rfa1 Rxa7 27. Rxa7 Bb7 28. e5 dxe5 29. fxe5 Nh7 30. h3 Ra8 31. Rxa8 Bxa8 32. Bf4 Be7 33. Nd6 Nf8 34. Nf3 Qa7 35. Kh2 Qa1 36. Nc8 Bd8 37. Nd6 Nfd7 38. Bg3 Be7 39. Ne4 Qb2 40. Neg5 Qc1 41. h4 Nb6 42. Ne4 Bxe4 43. Bxe4 Nxc4 44. Bd3 Nxd3 45. Qxd3 Ne3 46. Be1 Ng4+ 47. Kh3 Qc7 48. Bg3 Qa7 49. Qd1 Kg7 50. Qc1 Qc5 51. Qxc5 Bxc5 52. Bf4 Nf2+ 53. Kg3 Ne4+ 54. Kh3 Bb6 55. Nd2 Nf2+ 56. Kg3 Nd3 57. Kf3 Bc7 58. Nc4 Nxf4 59. Kxf4 f6 60. g4 Bxe5+ 61. Kf3 hxg4+ 62. Kxg4 Bc7 63. Ne3 Kh6 64. Nc2 Bb6 65. Nb4 f5+ 66. Kg3 Bc7+ 67. Kh3 Be5 68. Nd3 Bd6 69. Ne1 e5 70. Nf3 e4 71. Ng5 Be7 72. Ne6 Bf6 73. Nf4 Bxh4 74. Ne6 Bf6 75. Nf4 g5 76. Nd5 Kg6 77. Kg2 f4 78. Kh3 Kf5 0-1

[Event "Madurai Athens of the East op 3rd"]
[Site "Madurai"]
[Date "2023.12.28"]
[Round "8"]
[White "Shyam, Nikil P"]
[Black "Priansh, Das"]
[Result "1/2-1/2"]
[WhiteElo "2443"]
[BlackElo "1910"]
[PlyCount "139"]
[EventDate "2023.12.23"]
[EventType "swiss"]
[EventRounds "10"]
[EventCountry "IND"]
[SourceTitle "CB06_2024"]
[SourceDate "2024.02.07"]
[SourceVersion "1"]
[SourceVersionDate "2024.02.07"]
[SourceQuality "1"]

1. e4 e6 2. d4 d5 3. Nd2 c5 4. Ngf3 Nc6 5. exd5 exd5 6. Bb5 a6 7. Bxc6+ bxc6 8. 0-0 Bd6 9. dxc5 Bxc5 10. Nb3 Bd6 11. Qd4 Nf6 12. Re1+ Be6 13. Bf4 0-0 14. Bxd6 Qxd6 15. Qc5 Qc7 16. Nfd4 Rac8 17. Qc3 c5 18. Nxe6 fxe6 19. Qe5 Rfe8 20. Qxc7 Rxc7 21. c4 Kf7 22. Nd2 Nd7 23. Re3 d4 24. Rf3+ Nf6 25. Rb3 e5 26. f3 Ree7 27. Re1 h6 28. Kf2 Kg6 29. Re2 Rb7 30. Rxb7 Rd7 31. Rc7 Rxc7 32. Nb3 Rb7 33. Nc1 Nd7 34. g4 Kf6 35. Nd3 g5 36. Kg3 Rb8 37. h4 Re8 38. Nf2 Kg6 39. Ne4 Rc8 40. Nd6 Rd8 41. Nf5 d3 42. Re1 Nf6 43. Kf2 d2 44. Rd1 gxh4 45. Nxh4+ Kg5 46. Ng2 e4 47. fxe4 Nxe4+ 48. Ke3 Nf6 49. Rxd2 Nxg4+ 50. Ke2 Rxd2+ 51. Kxd2 h5 52. Kd3 Ne5+ 53. Ke4 Nxc4 54. b3 Nb6 55. Ne3 h4 56. a3 a5 57. Kf3 h3 58. Nd1 Nd5 59. Kg3 Kf5 60. Nb2 Nb6 61. Nd3 Nd7 62. Kxh3 Ke4 63. Nxc5+ Nxc5 64. b4 a4 65. bxc5 Kd5 66. Kg3 Kxc5 67. Kf3 Kc4 68. Ke3 Kc3 69. Ke2 Kb2 70. Kd2 1/2-1/2

[Event "Madurai Athens of the East op 3rd"]
[Site "Madurai"]
[Date "2023.12.25"]
[Round "4"]
[White "Shyam, Nikil P"]
[Black "Bhosale, Shriraj"]
[Result "1/2-1/2"]
[WhiteElo "2443"]
[BlackElo "1946"]
[PlyCount "87"]
[EventDate "2023.12.23"]
[EventType "swiss"]
[EventRounds "10"]
[EventCountry "IND"]
[SourceTitle "CB06_2024"]
[SourceDate "2024.02.07"]
[SourceVersion "1"]
[SourceVersionDate "2024.02.07"]
[SourceQuality "1"]

1. e4 c6 2. d4 d5 3. Nd2 dxe4 4. Nxe4 Bf5 5. Ng3 Bg6 6. Nf3 Nd7 7. Bd3 Bxd3 8. Qxd3 Ngf6 9. 0-0 e6 10. Bf4 Be7 11. c4 0-0 12. Rfd1 Qb6 13. Qc2 Rfd8 14. Rd3 a5 15. a4 Nf8 16. Rb3 Qa6 17. h4 c5 18. dxc5 Bxc5 19. Bg5 N8d7 20. Rd1 h6 21. Rbd3 Qb6 22. Bf4 Nf8 23. Be5 Rxd3 24. Rxd3 Ng4 25. Ne4 Be7 26. h5 f5 27. Nc3 Rc8 28. b3 Qc6 29. Nb5 Qe8 30. Bd6 Bf6 31. Bxf8 Qxf8 32. Nd6 Rc6 33. c5 Be7 34. Qc4 Bxd6 35. Qxe6+ Qf7 36. Qxf7+ Kxf7 37. Rxd6 Rxc5 38. Kf1 Rc2 39. Rd2 Nh2+ 40. Ke2 Nxf3 41. Rxc2 Nd4+ 42. Kd3 Nxc2 43. Kxc2 Ke6 44. Kd3 1/2-1/2

[Event "Madurai Athens of the East op 3rd"]
[Site "Madurai"]
[Date "2023.12.23"]
[Round "1"]
[White "Mahish, SA."]
[Black "Shyam, Nikil P"]
[Result "0-1"]
[WhiteElo "1663"]
[BlackElo "2443"]
[PlyCount "70"]
[EventDate "2023.12.23"]
[EventType "swiss"]
[EventRounds "10"]
[EventCountry "IND"]
[SourceTitle "CB06_2024"]
[SourceDate "2024.02.07"]
[SourceVersion "1"]
[SourceVersionDate "2024.02.07"]
[SourceQuality "1"]

1. c4 b6 2. Nc3 Bb7 3. d4 Nf6 4. f3 d5 5. cxd5 Nxd5 6. e4 Nxc3 7. bxc3 e5 8. Be3 Nd7 9. Bc4 Qh4+ 10. Kf1 Bd6 11. dxe5 Nxe5 12. Bb5+ Kf8 13. Qd2 h6 14. Ne2 a6 15. Bf2 Nxf3 16. Qxd6+ cxd6 17. Bxh4 Nxh4 18. Bd3 Ng6 19. Rb1 b5 20. Nd4 Rc8 21. Ke2 Rxc3 22. Kd2 Ra3 23. Rbc1 Ne5 24. Be2 Rxa2+ 25. Ke3 Ra3+ 26. Kd2 Kg8 27. Nf5 Kh7 28. Rc7 Bxe4 29. Ng3 Bg6 30. Rf1 Re8 31. Nf5 Ra2+ 32. Kd1 Rxe2 33. Kxe2 Re6 34. h3 Nc4+ 35. Kd3 Ne3 0-1

[Event "Qatar Masters op"]
[Site "Doha"]
[Date "2023.10.14"]
[Round "4"]
[White "Shyam, Nikil P"]
[Black "Manish, Anto Cristiano F"]
[Result "1-0"]
[WhiteElo "2442"]
[BlackElo "2368"]
[PlyCount "39"]
[EventDate "2023.10.11"]
[EventType "swiss"]
[EventRounds "9"]
[EventCountry "QAT"]
[SourceTitle "Mega2024 Update 01"]
[Source "Chessbase"]
[SourceDate "2023.11.12"]
[SourceVersion "1"]
[SourceVersionDate "2023.11.12"]
[SourceQuality "1"]

1. d4 Nf6 2. Nf3 d5 3. c4 e6 4. e3 c5 5. a3 cxd4 6. exd4 dxc4 7. Bxc4 Be7 8. Nc3 0-0 9. 0-0 b6 10. Re1 Bb7 11. Bg5 Re8 12. Ne5 a6 13. Nxf7 Kxf7 14. Rxe6 Kf8 15. Ba2 Nbd7 16. Qb3 Nd5 17. Rxe7 Rxe7 18. Nxd5 Re1+ 19. Rxe1 Qxg5 20. Nf4 1-0

[Event "Qatar Masters op"]
[Site "Doha"]
[Date "2023.10.13"]
[Round "3"]
[White "Jain, Kashish Manoj"]
[Black "Shyam, Nikil P"]
[Result "1-0"]
[WhiteElo "2338"]
[BlackElo "2442"]
[PlyCount "82"]
[EventDate "2023.10.11"]
[EventType "swiss"]
[EventRounds "9"]
[EventCountry "QAT"]
[SourceTitle "Mega2024 Update 01"]
[Source "Chessbase"]
[SourceDate "2023.11.12"]
[SourceVersion "1"]
[SourceVersionDate "2023.11.12"]
[SourceQuality "1"]

1. e4 c5 2. Nf3 d6 3. d4 cxd4 4. Qxd4 Nf6 5. Nc3 Nc6 6. Bb5 Bd7 7. Bxc6 Bxc6 8. Bg5 Nd7 9. 0-0-0 h6 10. Bh4 e5 11. Qd2 g5 12. Bg3 Rc8 13. Kb1 Nb6 14. Qd3 Bd7 15. h4 g4 16. Nd2 Be6 17. f4 gxf3 18. gxf3 a6 19. Rhg1 Be7 20. Nd5 Nd7 21. Nc4 b5 22. Nce3 Nc5 23. Qd2 Bxh4 24. Bxh4 Qxh4 25. Ng4 Bxd5 26. Qxd5 Qe7 27. Ne3 Qe6 28. Qd2 Nb7 29. Nf5 Kd7 30. Qf2 Kc7 31. Rd5 Rhd8 32. Rh1 Rh8 33. Qa7 Ra8 34. Qe3 h5 35. Rhd1 Rhd8 36. Qc3+ Kb8 37. Qb4 Kc7 38. a4 bxa4 39. R1d3 Rac8 40. Qxa4 a5 41. Rb3 Qd7 1-0

[Event "IND-ch 60th"]
[Site "Pune"]
[Date "2023.08.26"]
[Round "11"]
[White "Shyam, Nikil P"]
[Black "Ram, S Krishnan"]
[Result "1-0"]
[WhiteElo "2467"]
[BlackElo "1941"]
[PlyCount "93"]
[EventDate "2023.08.16"]
[EventType "swiss"]
[EventRounds "11"]
[EventCountry "IND"]
[SourceTitle "EXT 2024"]
[Source "ChessBase"]
[SourceDate "2023.10.10"]
[SourceVersion "1"]
[SourceVersionDate "2023.10.10"]
[SourceQuality "1"]

1. e4 e6 2. d4 d5 3. Nd2 Be7 4. Bd3 c5 5. dxc5 Nf6 6. Qe2 0-0 7. Ngf3 a5 8. a4 Na6 9. e5 Nd7 10. c3 Naxc5 11. Bb5 f6 12. exf6 Bxf6 13. 0-0 e5 14. Ne1 e4 15. f3 Qe7 16. fxe4 dxe4 17. Nc2 Nb6 18. Nc4 Nxc4 19. Bxc4+ Be6 20. Be3 Rac8 21. Nd4 Bxc4 22. Qxc4+ Kh8 23. Nf5 Qc7 24. Qxc5 Qxc5 25. Bxc5 Rxc5 26. Nd6 e3 27. Rae1 Re5 28. Rf3 e2 29. Rf2 Re6 30. Nb5 Re4 31. b3 Rd8 32. Rfxe2 Rxe2 33. Rxe2 Rd1+ 34. Kf2 Kg8 35. Re8+ Kf7 36. Rb8 Rd2+ 37. Kf3 Bxc3 38. Rxb7+ Kg6 39. Nxc3 Rd3+ 40. Ke2 Rxc3 41. Rb6+ Kf7 42. Kd2 Rc8 43. Rb5 Rd8+ 44. Kc3 Rc8+ 45. Kd4 Rc2 46. Rxa5 Rxg2 47. Rh5 1-0